Các bảng tính toán thủy lực cống và mương thoát nước

Đã lưu trong:
書目詳細資料
主要作者: Trần, Hữu Uyển
格式: 圖書
語言:Undetermined
出版: Hà Nội Xây dựng 2003
主題:
標簽: 添加標簽
沒有標簽, 成為第一個標記此記錄!
Thư viện lưu trữ: Trung tâm Học liệu Trường Đại học Cần Thơ
LEADER 00598nam a2200193Ia 4500
001 CTU_60303
008 210402s9999 xx 000 0 und d
020 |b 40000 
082 |a 627.125 
082 |b U603 
100 |a Trần, Hữu Uyển 
245 0 |a Các bảng tính toán thủy lực cống và mương thoát nước 
245 0 |c Trần Hữu Uyển 
260 |a Hà Nội 
260 |b Xây dựng 
260 |c 2003 
650 |a Hydraulic engineering,Hydrodynamics 
904 |i Minh, Năm 
980 |a Trung tâm Học liệu Trường Đại học Cần Thơ